Nations in the 2008 Summer Olympics - Statistics

General Stats
  • This quiz has been taken 23 times
  • The average score is 120 of 204
Answer Stats
Hint Answer % Correct
Oceania Australia
85%
Oceania Fiji
85%
America Canada
77%
Europe Finland
77%
Oceania New Zealand
77%
America United States
77%
Oceania American Samoa
69%
Asia China
69%
Europe Denmark
69%
Oceania Federated States of Micronesia
69%
Europe Germany
69%
Europe Great Britain
69%
Europe Hungary
69%
Europe Iceland
69%
Europe Ireland
69%
Europe Italy
69%
Asia Japan
69%
Africa Madagascar
69%
Oceania Marshall Islands
69%
Africa Mauritania
69%
Asia North Korea
69%
Europe Norway
69%
Europe Poland
69%
Europe Russia
69%
Oceania Samoa
69%
Oceania Solomon Islands
69%
Asia South Korea
69%
Europe Spain
69%
Europe Sweden
69%
Africa Tanzania
69%
Oceania Tonga
69%
America Trinidad and Tobago
69%
Africa Tunisia
69%
Asia Turkey
69%
Europe Ukraine
69%
Asia Afghanistan
62%
Europe Albania
62%
Africa Algeria
62%
Europe Andorra
62%
Africa Angola
62%
America Antigua and Barbuda
62%
America Argentina
62%
Europe Austria
62%
America Barbados
62%
Europe Belarus
62%
Europe Belgium
62%
America Bolivia
62%
Europe Bosnia and Herzegovina
62%
Africa Botswana
62%
Africa Cameroon
62%
Europe Croatia
62%
America Cuba
62%
Europe Czech Republic
62%
Africa Democratic Republic of the Congo
62%
Africa Egypt
62%
Africa Eritrea
62%
Europe Estonia
62%
Africa Ethiopia
62%
Europe France
62%
Africa Ghana
62%
America Guatemala
62%
America Haiti
62%
America Honduras
62%
Asia India
62%
Asia Indonesia
62%
America Jamaica
62%
Asia Kazakhstan
62%
Oceania Kiribati
62%
Europe Latvia
62%
Africa Libya
62%
Europe Liechtenstein
62%
Europe Lithuania
62%
Europe Luxembourg
62%
Asia Maldives
62%
America Mexico
62%
Europe Monaco
62%
Asia Mongolia
62%
Africa Morocco
62%
Africa Mozambique
62%
Oceania Nauru
62%
Europe Netherlands
62%
Asia Oman
62%
Asia Pakistan
62%
Oceania Palau
62%
Oceania Papua New Guinea
62%
Europe Portugal
62%
Africa Republic of the Congo
62%
America Saint Kitts and Nevis
62%
America Saint Vincent and the Grenadines
62%
Europe San Marino
62%
Europe Serbia
62%
Europe Slovakia
62%
Europe Slovenia
62%
Africa Sudan
62%
Europe Switzerland
62%
Africa The Gambia
62%
Africa Togo
62%
Oceania Tuvalu
62%
Asia Uzbekistan
62%
Oceania Vanuatu
62%
Asia Yemen
62%
Africa Zambia
62%
Africa Zimbabwe
62%
Asia Armenia
54%
America Aruba
54%
Asia Azerbaijan
54%
America Bahamas
54%
Asia Bahrain
54%
America Belize
54%
Africa Benin
54%
America Bermuda
54%
Asia Bhutan
54%
America Brazil
54%
America British Virgin Islands
54%
Europe Bulgaria
54%
Africa Burkina Faso
54%
Africa Burundi
54%
Asia Cambodia
54%
Africa Cape Verde
54%
America Cayman Islands
54%
Africa Central African Republic
54%
Africa Chad
54%
America Chile
54%
Asia Chinese Taipei
54%
America Colombia
54%
Africa Comoros
54%
Asia Cyprus
54%
Africa Djibouti
54%
America Dominica
54%
America Dominican Republic
54%
Asia East Timor
54%
America Ecuador
54%
America El Salvador
54%
Africa Equatorial Guinea
54%
Africa Gabon
54%
Asia Georgia
54%
Europe Greece
54%
America Grenada
54%
Africa Guinea
54%
Africa Guinea-Bissau
54%
America Guyana
54%
Asia Iran
54%
Asia Iraq
54%
Asia Israel
54%
Africa Ivory Coast
54%
Asia Jordan
54%
Africa Kenya
54%
Asia Kuwait
54%
Asia Kyrgyzstan
54%
Asia Laos
54%
Asia Lebanon
54%
Africa Lesotho
54%
Africa Liberia
54%
Europe Macedonia
54%
Africa Malawi
54%
Asia Malaysia
54%
Africa Mali
54%
Europe Malta
54%
Africa Mauritius
54%
Europe Moldova
54%
Europe Montenegro
54%
Africa Namibia
54%
Asia Nepal
54%
America Nicaragua
54%
Africa Niger
54%
Africa Nigeria
54%
Asia Palestine
54%
America Panama
54%
America Paraguay
54%
America Peru
54%
Asia Philippines
54%
America Puerto Rico
54%
Asia Qatar
54%
Europe Romania
54%
Africa Rwanda
54%
America Saint Lucia
54%
Africa São Tomé and Principe
54%
Africa Senegal
54%
Africa Seychelles
54%
Africa Sierra Leone
54%
Asia Singapore
54%
Africa Somalia
54%
Africa South Africa
54%
Asia Sri Lanka
54%
America Suriname
54%
Africa Swaziland
54%
Asia Tajikistan
54%
Asia Thailand
54%
Asia Turkmenistan
54%
Africa Uganda
54%
Asia United Arab Emirates
54%
America Venezuela
54%
Asia Vietnam
54%
America Virgin Islands
54%
Asia Bangladesh
46%
Oceania Cook Islands
46%
America Costa Rica
46%
Asia Hong Kong
46%
Asia Myanmar
46%
Asia Saudi Arabia
46%
Asia Syria
46%
America Uruguay
46%
Oceania Guam
38%
America Netherlands Antilles
38%
No matching quizzes found
Score Distribution
Percent of People with Each Score
Percentile by Number Answered
Your Score History
You have not taken this quiz